01276cam a22002654a 4500001001300000003000400013005001700017008004100034010001700075035002000092040004200112042001200154050003200166051002400198100004000222245010700262246004900369260005600418300006000474440007700534501029900611504004900910650003400959999001700993gs 56000069 DLC20260227111403.0890929s1955 dk af b 000 0 dan c ags 56000069  a(OCoLC)20414158 aU.S. Geol. Survey. Libr.cCUdCUdDLC apremarc00aQE278b.D43a vol. 3, no. 10 aS591b.T73cCopy 2.1 aTroels-Smith, J.q(Jørgen),d1916-10aKarakterisering af løse jordarter =bCharacterization of unconsolidated sediments /cJ. Troels-Smith.1 aCharacterization of unconsolidated sediments aKøbenhavn :bI kommission hos C.A. Reitzel,c1955. a73 p., 13 leaves of plates :bdiagrs., tables ;c24 cm. 0aDanmarks geologiske undersøgelse (Series).nIV. række ;vbd. 3, nr. 10 aQE278.D43a vol. 3, no. 10 with: Nicolaus Steno (Niels Stensen) and Erasmus Bartholinus : two 17th century Danish scientists and the foundation of exact geology and crystallography / by Axel Garboe. København : I kommission hos C.A. Reitzel, 1954. Bound together subsequent to publication.5DLC a"Citeret og anvendt litteratur": p. [72]-73. 0aSedimentation and deposition. c29029d29029